00675 2200193 4500001002100000005001700021008004100038035002400079040001200103082001000115084001400125090001600139245009400155260015500249504002700404650002000431850001200451990001800463INLIS00000000002735120170503103156.0  0010-051700000000061 aYOPDYOG a636.2 a636.2 Lap aL 636.2 Lap aLaporan Pilot Proyek Pemberantasan Parasit Pada Ternak Sapi Di Pulau Jawa Tahun 1979/1980 aYogyakartabFakultas Kedokteran Hewan Universitas Gadjah Mada dan Direktorat Kesehatan Hewan Direktorat Jenderal Peternakan Departemen Pertanianc1980 aBibliografi : hlm. 113 aPeternakan Sapi aYOPDYOG a54152-PD/A.17